000 00867nam a22002657a 4500
999 _c34113
_d34113
001 3448
003 CO-MdFUSB
005 20181019161225.0
008 180302s1980 sp ||||| |||| 00| 0 spa d
020 _a84-85873-00-9
040 _aCO-MdFUSB
_bspa
_cCO-MdFUSB
_dCO-MdFUSBC
_erda
041 0 _aspa
082 0 4 _aG 227.1
_223
_bA4731i
100 1 _aÁlvarez Verdes, Lorenzo
_eautor
245 1 3 _aEl Imperativo Cristiano en San Pablo
_b : La tensión indicativo-imperativo en Rom.6. Análisis estructural
_c / L. Álvarez Verdes
264 1 _aValencia, España :
_bValencia,
_c ℗[1980]
264 4 _c©1980
300 _a259 páginas
_c24 cm
336 _2rdacontent
_atexto
_btxt
337 _2rdamedia
_asin mediación
_bn
338 _2rdacarrier
_avolumen
_bnc
563 _aTapa rústica
653 _aInterpretación de la Biblia N.T. - Romanos
942 _cBK